Markets (Record no. 83868)

MARC details
000 -LEADER
fixed length control field 01181cab a22002175a 4500
001 - CONTROL NUMBER
control field L155459
008 - FIXED-LENGTH DATA ELEMENTS--GENERAL INFORMATION
fixed length control field 120326e2012 xxk 000 0 eng d
035 ## - SYSTEM CONTROL NUMBER
System control number (Sirsi) u155459
041 0# - LANGUAGE CODE
Language code of text/sound track or separate title eng
100 1# - MAIN ENTRY--PERSONAL NAME
Personal name Sandher, Hardeep
245 00 - TITLE STATEMENT
Title Markets
Remainder of title City of London, City fringe and Docklands
260 ## - PUBLICATION, DISTRIBUTION, ETC.
Date of publication, distribution, etc. 2012
490 #0 - SERIES STATEMENT
Series statement Property Week
Volume/sequential designation 78(11) 16 March 2012, 51-58(7)
520 ## - SUMMARY, ETC.
Summary, etc. Kuwaiti investor Al Mubarakia hopes to start redeveloping Tobacco Dock in Wapping this year, creating a four-star hotel and flats on the 41 000 sq ft site. Mitsui Fudosan UK and Stanhope have formed a joint venture to develop prime City sites. NAMA is close to selling Eagle House, its stalled £65m residential-led development above Old Street roundabout. City fringe office space take-up rose from 236 000 sq ft in 2010 to 312 811 sq ft in 2011. Supply also increased from 2.4m sq ft to 2.51m sq ft. Canary Wharf Group seeks to populate its Wood Wharf, Docklands, site with technology, media and telecoms sector tenants.
590 ## - LOCAL NOTE (RLIN)
Local note KA
651 #4 - SUBJECT ADDED ENTRY--GEOGRAPHIC NAME
Geographic name London
690 ## - LOCAL SUBJECT ADDED ENTRY--TOPICAL TERM (OCLC, RLIN)
Topical term or geographic name as entry element Commercial property
9 (RLIN) 6227
690 ## - LOCAL SUBJECT ADDED ENTRY--TOPICAL TERM (OCLC, RLIN)
Topical term or geographic name as entry element Residential property
9 (RLIN) 6266
700 1# - ADDED ENTRY--PERSONAL NAME
Personal name Slade, John
942 ## - ADDED ENTRY ELEMENTS (KOHA)
Suppress in OPAC 0
Holdings
Withdrawn status Lost status Source of classification or shelving scheme Damaged status Not for loan Home library Current library Shelving location Date acquired Total Checkouts Full call number Barcode Date last seen Price effective from Koha item type
    Dewey Decimal Classification     London London Journal article 25/03/2012   L155459 155459-1001 06/08/2019 06/08/2019 Journal